000 00630nam a22002177a 4500
003 UA-OsUOA
001 101004
007 ta
008 20130604b un ||||| |||| 00| 0 ukr d
090 _a821.162.3
_bЧ-57
942 _cBK
040 _aUA-OsUOA
_brus
_cUA-OsUOA
_dUA-OsUOA
245 _aЧешская новелла XIX - начала XX века
300 _a526 с.
955 _a3
041 _arus
080 _a821.162.3
260 _aЛенинград
_bХудожественная литература
_c1987
650 7 _a82 Література. Літературознавство
_2UDC
999 _c387001
_d387001